000
00303nam a22001337a 4500
020
_a
81-7992-232-4
082
_a
158
_b
SHA/W
100
_a
SHARMA,ROBIN
245
_a
WHO WILL CRY WHEN YOU DIE?
260
_a
INDIA
_b
JAICO BOOKS
300
_a
225
650
_a
PERSONALITY DEVELOPMENT
_z
INDIA
942
_c
BK
999
_c
5368
_d
5368